| 000 | 01102nam a2200253Ia 4500 | ||
|---|---|---|---|
| 003 | OSt | ||
| 005 | 20220930094938.0 | ||
| 006 | a|||||r|||| 00| 0 | ||
| 007 | ta | ||
| 008 | 220926b |||||||| |||| 00| 0 hin d | ||
| 024 | _a55995 | ||
| 037 | _cTheses | ||
| 040 |
_aCRL _cCRL _bhin |
||
| 041 |
_2hin _ahin |
||
| 100 | _aसुनील कुमार, ले. | ||
| 110 |
_aदिल्ली विश्वविद्यालय. कला संकाय. हिंदी विभाग _9556865 |
||
| 245 | 0 | _aमध्यकालीन संत काव्यधारा में सत्ता संघर्ष और सृजनशीलता के आयाम। | |
| 246 | _aMadhyakālīn santa kāvyadhārā mean sattā sangharṣha aur sṛujanashīlatā ke āyāma। | ||
| 260 | _c2016 | ||
| 300 |
_a253 पृ. _ap. _ccm. |
||
| 700 |
_aदिल्ली विश्वविद्यालय. कला संकाय. हिंदी विभाग _9556866 |
||
| 942 |
_cDIS _2CC |
||
| 999 |
_c888019 _d888019 |
||